| 000 | 00818nam a2200217 i 4500 | ||
|---|---|---|---|
| 001 | 170799 | ||
| 003 | ES-MaACL | ||
| 005 | 20250808062744.0 | ||
| 008 | 090407s1954 sp |||| | spa d | ||
| 100 | 0 |
_aBenito _cSanto. _927667 |
|
| 245 | 1 | 0 |
_aSan Benito _b: su vida y su regla / _cdirección e introducciones de García M. Colombas ; versiones de León M. Sansegundo ; comentarios y notas de Odilon M. Cunill. |
| 260 |
_aMadrid : _bLa Editorial Católica, _c1954. |
||
| 300 |
_aXX, 759 p. ; _c20 cm. |
||
| 490 | 1 |
_aBiblioteca de autores cristianos ; _v115 |
|
| 700 | 0 |
_aColombás, García M. _939820 |
|
| 700 | 0 |
_aSansegundo, León E. _9103217 |
|
| 700 | 1 |
_aCunill, Odilón. _9139748 |
|
| 830 | 0 | 0 |
_aBiblioteca de autores cristianos _v115 _9178679 |
| 852 |
_aES-MaACL _jJ-113 _9R.46092 |
||
| 999 |
_c170799 _d170799 |
||